Catálogo
 En Linea

Sociedad M : (Registro nro. 24963)

Detalles MARC
000 -CABECERA
campo de control de longitud fija 01019nam a2200241 a 4500
001 - NÚMERO DE CONTROL
campo de control 000025471
005 - FECHA Y HORA DE LA ÚLTIMA TRANSACCIÓN
campo de control 20200930023819.0
008 - DATOS DE LONGITUD FIJA--INFORMACIÓN GENERAL
campo de control de longitud fija 110216s1986 mx a r 000 0 spa d
020 ## - NÚMERO INTERNACIONAL ESTÁNDAR DEL LIBRO
Número Internacional Estándar del Libro 9688580686
040 ## - FUENTE DE LA CATALOGACIÓN
Centro catalogador/agencia de origen DO-SdBNP
Lengua de catalogación spa
Centro/agencia transcriptor BNPHU
041 17 - CÓDIGO DE LENGUA
Código de lengua del texto/banda sonora o título independiente spa
Código de lengua original eng
100 1# - ENTRADA PRINCIPAL--NOMBRE DE PERSONA
Nombre de persona Ouchi, William
9 (RLIN) 52094
240 10 - TÍTULO UNIFORME
Título uniforme The M-form society : how american teamwork can recapture the competitive.
Lenguaje de la obra Español.
245 10 - MENCIÓN DE TÍTULO
Título Sociedad M :
Resto del título mayor competividad a través del trabajo en equipo entre gobierno y empresas privadas /
Mención de responsabilidad, etc. William Ouchi ; traducción Francisco J. Calca Pellicer.
260 ## - PUBLICACIÓN, DISTRIBUCIÓN, ETC.
Lugar de publicación, distribución, etc. México, D. F. :
Nombre del editor, distribuidor, etc. Fondo Educativo Interamericano,
Fecha de publicación, distribución, etc. 1986.
300 ## - DESCRIPCIÓN FÍSICA
Extensión xvi, 299 p. :
Otras características físicas il., diagrs. ;
Dimensiones 24 cm.
490 1# - MENCIÓN DE SERIE
Mención de serie Libros de interés general
500 ## - NOTA GENERAL
Nota general Apéndices : p.221-287.
504 ## - NOTA DE BIBLIOGRAFÍA, ETC.
Nota de bibliografía, etc. Bibliografía
534 ## - NOTA SOBRE LA VERSIÓN ORIGINAL
Encabezamiento principal del original Título original:
Mención de título del original The M-form society : how american teamwork can recapture the competitive.
700 1# - PUNTO DE ACCESO ADICIONAL--NOMBRE DE PERSONA
Nombre de persona Calca Pellicer, Francisco J.
Término indicativo de función/relación tr.
9 (RLIN) 52095
830 #0 - PUNTO DE ACCESO ADICIONAL DE SERIE-TÍTULO UNIFORME
Título uniforme Libros de interés general
9 (RLIN) 52096
Existencias
Estado de retiro Estado de pérdida Restricciones de uso No para préstamo Código de colección Localización permanente Ubicación/localización actual Ubicación en estantería Fecha de adquisición Número de inventario Total de préstamos Signatura topográfica completa Código de barras Fecha visto por última vez Precio válido a partir de Tipo de ítem Koha Número de copia
        Monografías: Libros y Folletos General General En catalogación 16.02.2011 LF1   25471-10 25.06.2020 25.06.2020 Préstamo en sala  
      Préstamo restrigido Monografías: Libros y Folletos General General En catalogación 16.02.2011 LF1   25471-20 25.06.2020 25.06.2020 Préstamo en sala e.2

Con tecnología Koha